| 000 | 00487nam a2200133 a 4500 | ||
|---|---|---|---|
| 001 | 000029872 | ||
| 005 | 20200930055854.0 | ||
| 008 | 110407s1987 dr ac 000 0 spa d | ||
| 040 |
_aDO-SdBNP _bspa _cBNPHU |
||
| 245 | 0 | 0 |
_aLibro del año 1987 : _bmisión de la República Dominicana, la gran división. |
| 260 |
_aSanto Domingo : _bEditorial Iglesia de Jesucristo de los Santos de los Últimos Días _fEditora Corripio _c[1987]. |
||
| 300 |
_a36 p. : _bil., retrs. ; _c28 cm. |
||
| 049 | _aBNPD | ||
| 999 |
_c29364 _d29364 |
||